[Event "chess.com Speed 2019"]
[Site "chess.com INT"]
[Date "2019.09.02"]
[Round "1.1"]
[White "Ding, Liren"]
[Black "Shankland, Sam"]
[Result "1/2-1/2"]
[WhiteTitle "GM"]
[BlackTitle "GM"]
[WhiteElo "2811"]
[BlackElo "2705"]
[WhiteFideId "8603677"]
[BlackFideId "2004887"]
[EventDate "2019.09.02"]

1. d4 d5 2. c4 c6 3. Nf3 Nf6 4. e3 Bf5 5. Nc3 e6 6. Nh4 Be4 7. f3 Bg6 8. Qb3 Qc7
9. Bd2 Be7 10. O-O-O dxc4 11. Bxc4 b5 12. Be2 a6 13. Nxg6 hxg6 14. Ne4 Nxe4 15.
fxe4 c5 16. d5 exd5 17. exd5 Bd6 18. h4 Nd7 19. h5 gxh5 20. Bxh5 Nf6 21. Bf3
Rxh1 22. Rxh1 O-O-O 23. Kb1 c4 24. Qc2 Kb7 25. Bc3 Ka7 26. Bd4+ Bc5 27. Bxf6
gxf6 28. Qf5 Qe5 29. Qxe5 fxe5 30. Rh7 Bxe3 31. Rxf7+ Kb6 32. Rf6+ Kc5 33. Rc6+
Kd4 34. d6 e4 35. Bg4 Kd5 36. Rxa6 Rxd6 37. Rxd6+ Kxd6 38. Kc2 1/2-1/2

[Event "chess.com Speed 2019"]
[Site "chess.com INT"]
[Date "2019.09.02"]
[Round "1.2"]
[White "Shankland, Sam"]
[Black "Ding, Liren"]
[Result "0-1"]
[WhiteTitle "GM"]
[BlackTitle "GM"]
[WhiteElo "2705"]
[BlackElo "2811"]
[WhiteFideId "2004887"]
[BlackFideId "8603677"]
[EventDate "2019.09.02"]

1. d4 Nf6 2. c4 g6 3. Nc3 d5 4. cxd5 Nxd5 5. e4 Nxc3 6. bxc3 Bg7 7. Bg5 c5 8.
Rc1 O-O 9. Nf3 Bg4 10. d5 Nd7 11. Be2 c4 12. d6 Bf6 13. Bxf6 exf6 14. O-O Rc8
15. Qd4 Ne5 16. Rfd1 Rc6 17. Rb1 b6 18. Nxe5 fxe5 19. Qd5 Rc5 20. Qxc5 bxc5 21.
Bxg4 Qa5 22. Be2 Qxa2 23. Kf1 Rd8 24. Ra1 Qc2 25. Bxc4 Qxc3 26. Rac1 Qb2 27. Rb1
Qc2 28. Bd3 Qa2 29. Bb5 Rxd6 0-1

[Event "chess.com Speed 2019"]
[Site "chess.com INT"]
[Date "2019.09.02"]
[Round "1.3"]
[White "Ding, Liren"]
[Black "Shankland, Sam"]
[Result "1-0"]
[WhiteTitle "GM"]
[BlackTitle "GM"]
[WhiteElo "2811"]
[BlackElo "2705"]
[WhiteFideId "8603677"]
[BlackFideId "2004887"]
[EventDate "2019.09.02"]

1. c4 c6 2. Nf3 d5 3. g3 g6 4. Bg2 Bg7 5. d4 Nf6 6. O-O O-O 7. a4 Bf5 8. b3 Nbd7
9. Ba3 Re8 10. Nc3 Ne4 11. Rc1 Nxc3 12. Rxc3 Be4 13. e3 e5 14. cxd5 cxd5 15.
dxe5 Nxe5 16. Nxe5 Bxe5 17. Rc1 Bxg2 18. Kxg2 d4 19. exd4 Bxd4 20. Qf3 Qb6 21.
Rfd1 Rad8 22. Rc4 Bg7 23. Rb4 Qe6 24. Rxd8 Rxd8 25. Rxb7 Bd4 26. Re7 Qd5 27.
Re8+ Kg7 28. Bf8+ 1-0

[Event "chess.com Speed 2019"]
[Site "chess.com INT"]
[Date "2019.09.02"]
[Round "1.4"]
[White "Shankland, Sam"]
[Black "Ding, Liren"]
[Result "0-1"]
[WhiteTitle "GM"]
[BlackTitle "GM"]
[WhiteElo "2705"]
[BlackElo "2811"]
[WhiteFideId "2004887"]
[BlackFideId "8603677"]
[EventDate "2019.09.02"]

1. d4 Nf6 2. c4 g6 3. Nc3 d5 4. cxd5 Nxd5 5. e4 Nxc3 6. bxc3 Bg7 7. Bg5 c5 8.
Rc1 O-O 9. Nf3 Bg4 10. d5 Nd7 11. Be2 c4 12. d6 Bf6 13. Bxf6 Nxf6 14. e5 Nd7 15.
Qd4 Bxf3 16. Bxf3 exd6 17. exd6 Re8+ 18. Kf1 Ne5 19. Bxb7 Rb8 20. Be4 Rb6 21. g3
Rxd6 22. Qxa7 Rd2 23. h3 f5 24. Bc2 Qd5 25. Rg1 Nf3 0-1

[Event "chess.com Speed 2019"]
[Site "chess.com INT"]
[Date "2019.09.02"]
[Round "1.5"]
[White "Ding, Liren"]
[Black "Shankland, Sam"]
[Result "1/2-1/2"]
[WhiteTitle "GM"]
[BlackTitle "GM"]
[WhiteElo "2811"]
[BlackElo "2705"]
[WhiteFideId "8603677"]
[BlackFideId "2004887"]
[EventDate "2019.09.02"]

1. Nf3 d5 2. d4 Nf6 3. c4 c6 4. Nc3 dxc4 5. a4 e6 6. e3 c5 7. Bxc4 cxd4 8. Nxd4
Bb4 9. O-O O-O 10. Qe2 a6 11. Rd1 Qc7 12. e4 e5 13. Nc2 Bxc3 14. bxc3 Nc6 15.
Bg5 Na5 16. Ba2 Bg4 17. f3 Be6 18. Bxf6 gxf6 19. Ne3 Rfd8 20. Bd5 Rac8 21. c4
Nxc4 22. Bxe6 fxe6 23. Nxc4 Rxd1+ 24. Rxd1 Qxc4 25. Rd8+ Kg7 26. Rd7+ Kg6 27.
Qxc4 Rxc4 28. Rxb7 Rxa4 29. Re7 a5 30. Rxe6 Ra2 31. Ra6 a4 32. h4 h5 33. Kh2 a3
34. Ra7 Ra1 35. Kg3 Ra2 36. Kh2 1/2-1/2

[Event "chess.com Speed 2019"]
[Site "chess.com INT"]
[Date "2019.09.02"]
[Round "1.6"]
[White "Shankland, Sam"]
[Black "Ding, Liren"]
[Result "0-1"]
[WhiteTitle "GM"]
[BlackTitle "GM"]
[WhiteElo "2705"]
[BlackElo "2811"]
[WhiteFideId "2004887"]
[BlackFideId "8603677"]
[EventDate "2019.09.02"]

1. c4 e5 2. g3 Nf6 3. Bg2 Bc5 4. Nc3 c6 5. e4 O-O 6. Nge2 d5 7. cxd5 cxd5 8.
exd5 Na6 9. a3 Nc7 10. O-O Ncxd5 11. Nxd5 Nxd5 12. d4 exd4 13. Nxd4 Bb6 14. Qb3
Nf6 15. Rd1 Bxd4 16. Be3 Qb6 0-1

[Event "chess.com Speed 2019"]
[Site "chess.com INT"]
[Date "2019.09.02"]
[Round "1.7"]
[White "Ding, Liren"]
[Black "Shankland, Sam"]
[Result "1-0"]
[WhiteTitle "GM"]
[BlackTitle "GM"]
[WhiteElo "2811"]
[BlackElo "2705"]
[WhiteFideId "8603677"]
[BlackFideId "2004887"]
[EventDate "2019.09.02"]

1. e4 c5 2. Nf3 e6 3. d4 cxd4 4. Nxd4 Nc6 5. Nc3 Qc7 6. Be3 a6 7. Qf3 Ne5 8. Qg3
h5 9. Bg5 f6 10. Bf4 Ne7 11. O-O-O Kf7 12. Bxe5 Qxe5 13. f4 h4 14. Qe3 Qc7 15.
e5 f5 16. Nf3 b5 17. Ng5+ Kg8 18. Kb1 Bb7 19. Qd2 Bc6 20. Bd3 Ng6 21. Rhf1 Be7
22. Nf3 Kf8 23. Ne2 Kf7 24. Ned4 Bb7 25. g4 hxg3 26. hxg3 Nf8 27. g4 g6 28. gxf5
exf5 29. Bxf5 gxf5 30. Nxf5 Rc8 31. Ng5+ Bxg5 32. Nd6+ Kg8 33. Rg1 Ne6 34. f5
Ng7 35. Rxg5 1-0

[Event "chess.com Speed 2019"]
[Site "chess.com INT"]
[Date "2019.09.02"]
[Round "1.8"]
[White "Shankland, Sam"]
[Black "Ding, Liren"]
[Result "1/2-1/2"]
[WhiteTitle "GM"]
[BlackTitle "GM"]
[WhiteElo "2705"]
[BlackElo "2811"]
[WhiteFideId "2004887"]
[BlackFideId "8603677"]
[EventDate "2019.09.02"]

1. c4 e5 2. g3 Nf6 3. Bg2 Bc5 4. e3 O-O 5. Ne2 d5 6. cxd5 Nxd5 7. O-O c6 8. a3
a5 9. Qc2 Na6 10. Nbc3 Be6 11. Rd1 Qe7 12. d4 exd4 13. Nxd4 Bxd4 14. Rxd4 Nxc3
15. Rh4 h6 16. Qxc3 Nc5 17. b4 Nb3 18. Bb2 f6 19. Re1 Rfd8 20. bxa5 Rxa5 21. Qb4
Qxb4 22. Rxb4 Nc5 23. Bd4 Nd3 24. Bb6 Rxa3 25. Rd1 Rda8 26. Rd4 Nb2 27. Rd8+ Kf7
28. Rxa8 Rxa8 29. Rb1 Nc4 30. Bd4 Bc8 31. h4 Nd6 32. Bc5 Nb5 33. Bf1 Bf5 34. Rc1
Be6 35. Bxb5 cxb5 36. Bb4 Bc4 37. Rd1 h5 38. Rd7+ Kg6 39. f3 Ra1+ 40. Kf2 Ra2+
41. Rd2 Rxd2+ 42. Bxd2 Kf5 43. e4+ Ke6 44. Bc3 Bb3 45. Ke3 1/2-1/2

[Event "chess.com Speed 2019"]
[Site "chess.com INT"]
[Date "2019.09.02"]
[Round "1.9"]
[White "Ding, Liren"]
[Black "Shankland, Sam"]
[Result "0-1"]
[WhiteTitle "GM"]
[BlackTitle "GM"]
[WhiteElo "2811"]
[BlackElo "2705"]
[WhiteFideId "8603677"]
[BlackFideId "2004887"]
[EventDate "2019.09.02"]

1. c4 g6 2. e4 e5 3. d4 Nf6 4. Nf3 exd4 5. e5 Bb4+ 6. Bd2 Qe7 7. Bxb4 Qxb4+ 8.
Qd2 Qxd2+ 9. Nbxd2 Nh5 10. Nxd4 Nc6 11. N2f3 b6 12. Nxc6 dxc6 13. g3 c5 14. Bg2
Bb7 15. O-O Ke7 16. Ng5 Bxg2 17. Kxg2 Rad8 18. Rad1 Ng7 19. f4 Nf5 20. Kf2 h5
21. b3 a5 22. a4 Nd4 23. Rd3 Ne6 24. Rfd1 Rxd3 25. Rxd3 Nd4 26. Ke3 Rd8 27. Ke4
f6 28. Nf3 fxe5 29. Kxe5 Nxf3+ 30. Rxf3 Rd2 31. f5 Re2+ 32. Kf4 Kf6 33. fxg6
Rxh2 34. Ke4+ Kxg6 35. Kd5 Rh3 36. Ke4 Kg5 37. Rf7 Rxg3 38. Rg7+ Kh4 39. Rxc7
Rxb3 40. Kd5 Rb4 0-1

[Event "chess.com Speed 2019"]
[Site "chess.com INT"]
[Date "2019.09.02"]
[Round "1.10"]
[White "Shankland, Sam"]
[Black "Ding, Liren"]
[Result "1-0"]
[WhiteTitle "GM"]
[BlackTitle "GM"]
[WhiteElo "2705"]
[BlackElo "2811"]
[WhiteFideId "2004887"]
[BlackFideId "8603677"]
[EventDate "2019.09.02"]

1. Nf3 Nf6 2. c4 e6 3. b3 d5 4. Bb2 Be7 5. e3 O-O 6. Nc3 dxc4 7. Bxc4 a6 8. O-O
b5 9. Be2 Bb7 10. Rc1 c5 11. d4 Nbd7 12. dxc5 Nxc5 13. Nd4 Rc8 14. Bf3 Bxf3 15.
gxf3 Qb6 16. Qe2 Qb7 17. Rfd1 Rc7 18. f4 Rfc8 19. Qf3 Qxf3 20. Nxf3 Nce4 21.
Nxe4 Rxc1 22. Nxf6+ 1-0

[Event "chess.com Speed 2019"]
[Site "chess.com INT"]
[Date "2019.09.02"]
[Round "1.11"]
[White "Ding, Liren"]
[Black "Shankland, Sam"]
[Result "1/2-1/2"]
[WhiteTitle "GM"]
[BlackTitle "GM"]
[WhiteElo "2811"]
[BlackElo "2705"]
[WhiteFideId "8603677"]
[BlackFideId "2004887"]
[EventDate "2019.09.02"]

1. d4 d5 2. c4 c6 3. Nf3 Nf6 4. Nc3 e6 5. e3 Nbd7 6. Be2 Bd6 7. O-O O-O 8. b3 b6
9. Bb2 Bb7 10. Qc2 Qe7 11. Rfe1 Rfe8 12. Rad1 Rad8 13. Bf1 e5 14. dxe5 Nxe5 15.
Nxe5 Bxe5 16. cxd5 cxd5 17. Nb5 Rc8 18. Qb1 Bxb2 19. Qxb2 Ba6 20. a4 Bxb5 21.
axb5 Rc7 22. Rc1 Rec8 23. Rxc7 Qxc7 24. Ra1 Qe7 25. Rc1 Rc5 26. Qa3 g6 27. Rxc5
bxc5 28. Qa5 Qb7 29. Qd8+ Kg7 30. Qd6 Qb6 31. Qe5 h5 32. h3 Kg8 33. Be2 d4 34.
Bc4 Qd8 35. Qxc5 d3 36. Qxa7 d2 37. Qxf7+ Kh8 38. Be2 d1=Q+ 39. Bxd1 Qxd1+ 40.
Kh2 Qd6+ 41. f4 Nd5 42. Qe8+ Kg7 43. Qc6 Qd8 44. e4 Nxf4 45. b6 Qd2 46. e5 Nd5
47. b7 Qf4+ 48. Kg1 Qe3+ 49. Kf1 Qd3+ 50. Ke1 Qe3+ 51. Kd1 Qxb3+ 52. Kc1 Qa3+
53. Kb1 Qb3+ 54. Kc1 Qa3+ 55. Kb1 1/2-1/2

[Event "chess.com Speed 2019"]
[Site "chess.com INT"]
[Date "2019.09.02"]
[Round "1.12"]
[White "Shankland, Sam"]
[Black "Ding, Liren"]
[Result "1-0"]
[WhiteTitle "GM"]
[BlackTitle "GM"]
[WhiteElo "2705"]
[BlackElo "2811"]
[WhiteFideId "2004887"]
[BlackFideId "8603677"]
[EventDate "2019.09.02"]

1. e4 e5 2. Nf3 Nc6 3. Bb5 Nf6 4. d3 Bc5 5. Nbd2 O-O 6. Ba4 d6 7. O-O Ne7 8. c3
Ng6 9. Re1 c6 10. h3 Re8 11. Nf1 d5 12. exd5 Nxd5 13. Ng3 h6 14. Bb3 a5 15. d4
exd4 16. Rxe8+ Qxe8 17. Bxd5 cxd5 18. Nxd4 a4 19. Be3 Ne5 20. Ndf5 Bf8 21. Qxd5
Qe6 22. Qd4 Bd7 23. Re1 Bc6 24. Qd1 Re8 25. b3 axb3 26. axb3 Qd5 27. Qxd5 Bxd5
28. c4 Bc6 29. Kf1 Nd3 30. Rd1 Nc5 31. b4 Ne4 32. b5 Nxg3+ 33. Nxg3 Be4 34. Nxe4
Rxe4 35. c5 Rc4 36. Rd8 g5 37. c6 bxc6 38. b6 1-0

[Event "chess.com Speed 2019"]
[Site "chess.com INT"]
[Date "2019.09.02"]
[Round "1.13"]
[White "Ding, Liren"]
[Black "Shankland, Sam"]
[Result "1-0"]
[WhiteTitle "GM"]
[BlackTitle "GM"]
[WhiteElo "2811"]
[BlackElo "2705"]
[WhiteFideId "8603677"]
[BlackFideId "2004887"]
[EventDate "2019.09.02"]

1. d4 d5 2. c4 c6 3. Nf3 Nf6 4. Nc3 e6 5. Bg5 Nbd7 6. e3 Qa5 7. cxd5 Nxd5 8. Rc1
Nxc3 9. bxc3 Ba3 10. Rc2 b6 11. Be2 Ba6 12. O-O O-O 13. c4 Rfe8 14. e4 Bf8 15.
Bd3 e5 16. d5 Nc5 17. dxc6 Qa4 18. Rd2 Qxd1 19. Rfxd1 Rac8 20. Bf1 Rxc6 21. Rd8
Rxd8 22. Rxd8 f6 23. Be3 Nxe4 24. Nd2 Nxd2 25. Bxd2 Rd6 26. Rxf8+ Kxf8 27. Bb4
Ke7 28. Bxd6+ Kxd6 29. c5+ Kxc5 30. Bxa6 b5 31. Kf1 Kb6 32. Bc8 a5 33. Ke2 Kc5
34. Kd3 a4 35. Bd7 g6 36. g4 Kb4 37. h4 Kc5 38. f3 Kb4 39. Ke4 1-0

[Event "chess.com Speed 2019"]
[Site "chess.com INT"]
[Date "2019.09.02"]
[Round "1.15"]
[White "Ding, Liren"]
[Black "Shankland, Sam"]
[Result "0-1"]
[WhiteTitle "GM"]
[BlackTitle "GM"]
[WhiteElo "2811"]
[BlackElo "2705"]
[WhiteFideId "8603677"]
[BlackFideId "2004887"]
[EventDate "2019.09.02"]

1. d4 d5 2. c4 c6 3. Nf3 Nf6 4. Nc3 e6 5. e3 Nbd7 6. Qc2 Bd6 7. Bd3 O-O 8. O-O
dxc4 9. Bxc4 b5 10. Bd3 Bb7 11. e4 e5 12. dxe5 Nxe5 13. Nxe5 Bxe5 14. h3 Re8 15.
Be3 h6 16. Rad1 Qc7 17. Ne2 c5 18. Bxb5 Bxe4 19. Qxc5 Qxc5 20. Bxc5 Reb8 21. a4
a6 22. Bc4 Rxb2 23. Bd6 Bxd6 24. Rxd6 Rb4 25. Rc1 Rxa4 26. Ng3 Bg6 27. f4 Kf8
28. f5 Rc8 29. fxg6 Raxc4 30. Rxc4 Rxc4 31. Nf5 fxg6 32. Ne3 Ra4 33. Rb6 Re4 34.
Nc2 a5 35. Ra6 a4 36. Kf2 Nd5 37. Ra5 Rc4 38. Ne3 Nxe3 39. Kxe3 g5 40. Ra7 Kg8
41. Kf3 Kh8 42. g4 Kh7 43. Kg2 Rb4 44. Ra6 Rb2+ 45. Kg3 Rb3+ 46. Kg2 a3 47. Kh2
Rb2+ 48. Kg3 a2 49. Kf3 Kg8 50. Ra7 Kf8 51. Ke3 Ke8 52. Kd3 Rh2 53. Kc3 Kf8 54.
Kb3 Rxh3+ 55. Kxa2 Rh4 56. Ra4 Kg8 57. Kb3 Kh7 58. Rc4 h5 59. gxh5 Rxc4 60. Kxc4
Kh6 61. Kd3 Kxh5 62. Ke3 Kg4 63. Kf2 Kh3 64. Kg1 Kg3 0-1

[Event "chess.com Speed 2019"]
[Site "chess.com INT"]
[Date "2019.09.02"]
[Round "1.16"]
[White "Shankland, Sam"]
[Black "Ding, Liren"]
[Result "1/2-1/2"]
[WhiteTitle "GM"]
[BlackTitle "GM"]
[WhiteElo "2705"]
[BlackElo "2811"]
[WhiteFideId "2004887"]
[BlackFideId "8603677"]
[EventDate "2019.09.02"]

1. e4 e5 2. Nf3 Nc6 3. Bb5 a6 4. Ba4 Nf6 5. O-O Be7 6. Re1 b5 7. Bb3 d6 8. c3
O-O 9. h3 Re8 10. d4 Bb7 11. a3 Bf8 12. Nbd2 Nb8 13. Ng5 Re7 14. Ndf3 Nbd7 15.
Nxf7 Rxf7 16. Ng5 d5 17. exd5 Bd6 18. dxe5 Nxe5 19. Rxe5 Bxe5 20. d6 Qxd6 21.
Qxd6 cxd6 22. Nxf7 Bd5 23. Bxd5 Nxd5 24. Nxe5 dxe5 25. Bd2 Nb6 26. Re1 Nc4 27.
Bc1 Rd8 28. Kf1 Kf7 29. Ke2 Ke6 30. Rd1 Rxd1 31. Kxd1 Kd5 32. b3 Nd6 33. Kc2 h5
34. Bg5 g6 35. f3 e4 36. Bf4 exf3 37. gxf3 Nb7 38. Be3 Na5 39. Bb6 Nc6 40. Bc7
a5 41. Kd3 a4 42. bxa4 bxa4 43. c4+ Kc5 44. Kc3 Ne7 45. Bg3 Nc6 46. Kd3 Na5 47.
Bf2+ Kd6 48. Be1 Nc6 49. Bb4+ Ke5 50. Bd2 Kd6 51. Ke4 Kc5 52. Kf4 Kxc4 53. Kg5
Ne5 54. Bf4 Nxf3+ 55. Kxg6 h4 56. Kh5 Ng1 57. Kxh4 Nxh3 58. Kxh3 Kb5 59. Kg2 1/2-1/2

[Event "chess.com Speed 2019"]
[Site "chess.com INT"]
[Date "2019.09.02"]
[Round "1.17"]
[White "Ding, Liren"]
[Black "Shankland, Sam"]
[Result "1/2-1/2"]
[WhiteTitle "GM"]
[BlackTitle "GM"]
[WhiteElo "2811"]
[BlackElo "2705"]
[WhiteFideId "8603677"]
[BlackFideId "2004887"]
[EventDate "2019.09.02"]

1. d4 d5 2. c4 c6 3. Nf3 Nf6 4. Nc3 e6 5. e3 Nbd7 6. Qc2 Bd6 7. Bd3 O-O 8. O-O
dxc4 9. Bxc4 b5 10. Bd3 Bb7 11. e4 e5 12. dxe5 Nxe5 13. Nxe5 Bxe5 14. h3 Re8 15.
Be3 Qc7 16. Rac1 a6 17. Ne2 c5 18. Qxc5 Qxc5 19. Rxc5 Rad8 20. Bb1 Bxe4 21. Bxe4
Nxe4 22. Rc2 Nf6 23. Bg5 h6 24. Bxf6 Bxf6 25. g3 g6 26. Kg2 Kg7 27. h4 h5 28.
Nf4 Be5 29. Nh3 Bf6 30. Nf4 Be5 31. Nh3 Bf6 1/2-1/2

[Event "chess.com Speed 2019"]
[Site "chess.com INT"]
[Date "2019.09.02"]
[Round "1.18"]
[White "Shankland, Sam"]
[Black "Ding, Liren"]
[Result "1/2-1/2"]
[WhiteTitle "GM"]
[BlackTitle "GM"]
[WhiteElo "2705"]
[BlackElo "2811"]
[WhiteFideId "2004887"]
[BlackFideId "8603677"]
[EventDate "2019.09.02"]

1. e4 e5 2. Nf3 Nc6 3. Bb5 a6 4. Ba4 Nf6 5. O-O Be7 6. Re1 b5 7. Bb3 d6 8. c3
O-O 9. h3 Re8 10. d4 Bb7 11. a3 h6 12. Nbd2 Bf8 13. Bc2 Nb8 14. b4 Nbd7 15. Bb2
Nb6 16. dxe5 dxe5 17. c4 bxc4 18. Nxe5 c5 19. Ndxc4 Nxc4 20. Nxc4 cxb4 21. e5
Qxd1 22. Rexd1 bxa3 23. Bxa3 Rac8 24. Bb3 Bd5 25. exf6 Bxc4 26. Bxc4 Rxc4 27.
Bxf8 Kxf8 28. fxg7+ Kxg7 29. Rxa6 Re2 30. Ra3 Rf4 31. Rg3+ Kh7 32. f3 Rf6 33.
Rd7 Ree6 34. Kh2 Rd6 35. Re7 Rde6 36. Rc7 Rc6 37. Rxc6 Rxc6 38. Rg4 Ra6 39. Kg3
Ra5 40. Rf4 Kg7 41. Kh4 Rb5 42. g4 Ra5 43. Re4 Ra3 44. Kg3 Rb3 45. h4 Ra3 46.
Kf2 Rb3 47. Re3 Rb4 48. Kg3 Rb1 49. f4 Rg1+ 50. Kf3 Rh1 51. h5 Rg1 52. Re5 Rf1+
53. Ke4 Re1+ 54. Kf5 Rf1 55. Ra5 Rh1 56. Ra3 Rh2 57. Re3 Rh1 58. Ke5 Rg1 59. Kf5
Rh1 60. Re2 Rh3 61. Ra2 Rh1 62. Ra7 Rh2 63. g5 Rxh5 64. Rb7 hxg5 65. fxg5 Rh1
66. Rb2 Rf1+ 67. Kg4 1/2-1/2

[Event "chess.com Speed 2019"]
[Site "chess.com INT"]
[Date "2019.09.02"]
[Round "1.19"]
[White "Ding, Liren"]
[Black "Shankland, Sam"]
[Result "1/2-1/2"]
[WhiteTitle "GM"]
[BlackTitle "GM"]
[WhiteElo "2811"]
[BlackElo "2705"]
[WhiteFideId "8603677"]
[BlackFideId "2004887"]
[EventDate "2019.09.02"]

1. c4 c6 2. Nf3 d5 3. e3 Nf6 4. Nc3 a6 5. Qc2 g6 6. d4 Bg7 7. Bd3 O-O 8. O-O e6
9. b3 Nbd7 10. Bb2 b6 11. e4 dxe4 12. Nxe4 Qc7 13. Nxf6+ Bxf6 14. Nd2 c5 15. Be4
Bb7 16. Nf3 Bxe4 17. Qxe4 Rfd8 18. Rfd1 Bg7 19. Qe2 cxd4 20. Bxd4 a5 21. h3 Nc5
22. Bxg7 Kxg7 23. Qb2+ f6 24. Nd4 Qe5 25. Qc3 Rd7 26. Nb5 Qxc3 27. Rxd7+ Nxd7
28. Nxc3 Kf7 29. Rd1 Ke7 30. g4 g5 31. Kg2 Nc5 32. Nb5 Rd8 33. Rxd8 Kxd8 34. Kf3
Kd7 35. Ke3 Na6 36. f4 h6 37. Nc3 Nc5 38. Nb5 f5 39. Nc3 Kd6 40. gxf5 exf5 41.
Nd5 b5 42. Nf6 bxc4 43. bxc4 Ne6 44. fxg5 hxg5 45. Nd5 Kc5 46. Kd3 g4 47. hxg4
fxg4 48. Nf6 Nf4+ 49. Kc2 Kxc4 50. Nxg4 Nd5 51. Ne5+ Kc5 52. Nd3+ Kc4 53. Ne5+
Kc5 1/2-1/2

[Event "chess.com Speed 2019"]
[Site "chess.com INT"]
[Date "2019.09.02"]
[Round "1.20"]
[White "Shankland, Sam"]
[Black "Ding, Liren"]
[Result "1/2-1/2"]
[WhiteTitle "GM"]
[BlackTitle "GM"]
[WhiteElo "2705"]
[BlackElo "2811"]
[WhiteFideId "2004887"]
[BlackFideId "8603677"]
[EventDate "2019.09.02"]

1. e4 e5 2. Nf3 Nc6 3. Bb5 a6 4. Ba4 Nf6 5. O-O Be7 6. Re1 b5 7. Bb3 O-O 8. h3
Bb7 9. d3 d6 10. a3 Re8 11. Nc3 Qd7 12. Ne2 Nd8 13. Ng3 Ne6 14. Nf5 Bd8 15. Ng5
c5 16. Qf3 d5 17. exd5 Bxd5 18. Bxd5 Nxg5 19. Bxg5 Qxd5 20. Qg3 g6 21. Qh4 Re6
22. Nh6+ Kg7 23. Re3 Ng8 24. Nxf7 Kxf7 25. Qxh7+ Kf8 26. Rf3+ Bf6 27. Qxg6 Qd6
28. Re1 Ra7 29. Rg3 Rg7 30. Qh5 Bxg5 31. Rxg5 Rxg5 32. Qxg5 Qe7 33. Qf5+ Qf6 34.
Qe4 Ne7 35. Re3 Ke8 36. Rf3 Qg6 37. Qa8+ Kd7 38. Rf8 Rc6 39. Qd8+ Ke6 40. Re8
Qf6 41. c4 Rd6 42. Qc8+ Rd7 43. Qxa6+ Rd6 44. Qc8+ Rd7 45. cxb5 Qf4 46. Qc6+ Kf7
47. Qxd7 Qc1+ 48. Kh2 Qf4+ 49. Kg1 Qc1+ 50. Kh2 Qf4+ 51. Kg1 1/2-1/2

[Event "chess.com Speed 2019"]
[Site "chess.com INT"]
[Date "2019.09.02"]
[Round "1.21"]
[White "Ding, Liren"]
[Black "Shankland, Sam"]
[Result "1/2-1/2"]
[WhiteTitle "GM"]
[BlackTitle "GM"]
[WhiteElo "2811"]
[BlackElo "2705"]
[WhiteFideId "8603677"]
[BlackFideId "2004887"]
[EventDate "2019.09.02"]

1. d4 d5 2. c4 c6 3. Nf3 Nf6 4. e3 Bf5 5. Nc3 a6 6. Ne5 Nbd7 7. Qb3 Qc7 8. cxd5
Nxe5 9. dxe5 Nxd5 10. Nxd5 cxd5 11. Bd2 Qxe5 12. Bc3 Qc7 13. Qxd5 e6 14. Qd4 Rd8
15. Qa4+ Qd7 16. Qxd7+ Rxd7 17. f3 f6 18. e4 Bg6 19. Rd1 Rxd1+ 20. Kxd1 e5 21.
Bc4 Bf7 22. Bxf7+ Kxf7 23. Kc2 Ke6 24. Rd1 Bd6 25. b4 1/2-1/2

[Event "chess.com Speed 2019"]
[Site "chess.com INT"]
[Date "2019.09.03"]
[Round "1.22"]
[White "Shankland, Sam"]
[Black "Ding, Liren"]
[Result "1-0"]
[WhiteTitle "GM"]
[BlackTitle "GM"]
[WhiteElo "2705"]
[BlackElo "2811"]
[WhiteFideId "2004887"]
[BlackFideId "8603677"]
[EventDate "2019.09.02"]

1. e4 e5 2. Nf3 Nc6 3. Bb5 a6 4. Ba4 Nf6 5. O-O Be7 6. Re1 b5 7. Bb3 O-O 8. d3
d6 9. a3 Na5 10. Ba2 c5 11. Nc3 Nc6 12. h3 h6 13. Nd5 Re8 14. Nxf6+ Bxf6 15. Bd5
Bd7 16. c3 Rc8 17. b4 Be6 18. Qb3 Bxd5 19. Qxd5 Ne7 20. Qb3 Qd7 21. Be3 c4 22.
dxc4 Rxc4 23. Nd2 Rc6 24. a4 d5 25. axb5 axb5 26. Ra7 Qe6 27. Bc5 d4 28. Qxe6
Rxe6 29. cxd4 exd4 30. f4 Nf5 31. Rea1 Ne3 32. f5 Rc6 33. Ra8 Rxa8 34. Rxa8+ Kh7
35. Nf3 Nc4 36. Rd8 Ra6 37. Rd5 Ne3 38. Rd7 Ra2 39. e5 Rxg2+ 40. Kh1 Rf2 41.
exf6 Rxf3 42. Rxf7 Rxf5 43. Rxg7+ Kh8 44. Re7 Rf1+ 45. Kh2 Nc2 46. f7 Kg7 47.
f8=Q+ Kxf8 48. Re1+ Kg7 49. Rxf1 Kg6 50. Rd1 Ne3 51. Rxd4 Nf5 52. Rd5 Kf6 53.
Rxf5+ Kxf5 54. Kg3 Ke4 55. Kg4 1-0

[Event "chess.com Speed 2019"]
[Site "chess.com INT"]
[Date "2019.09.03"]
[Round "1.23"]
[White "Ding, Liren"]
[Black "Shankland, Sam"]
[Result "1/2-1/2"]
[WhiteTitle "GM"]
[BlackTitle "GM"]
[WhiteElo "2811"]
[BlackElo "2705"]
[WhiteFideId "8603677"]
[BlackFideId "2004887"]
[EventDate "2019.09.02"]

1. d4 d5 2. c4 c6 3. Nf3 Nf6 4. e3 Bf5 5. Nc3 a6 6. Bd2 e6 7. Nh4 Be4 8. f3 Bg6
9. Nxg6 hxg6 10. Qb3 b5 11. cxd5 cxd5 12. Rc1 Bd6 13. a4 b4 14. Ne2 O-O 15. h4
Qd7 16. g4 Nc6 17. h5 g5 18. Kf2 Rfc8 19. Ng3 Na5 20. Qd1 Nc4 21. Bxc4 dxc4 22.
Ne4 Nxe4+ 23. fxe4 e5 24. d5 Rab8 25. Kg3 f6 26. Qf3 Kf7 27. Qf5 Qxf5 28. gxf5
a5 29. h6 Rc7 30. Kg4 Rh8 31. hxg7 Rxh1 32. Rxh1 Kxg7 33. Rc1 Kf7 34. Be1 Be7
35. b3 c3 36. Rc2 Bc5 37. Kf3 Ke7 38. Rh2 Kd6 39. Ke2 Rg7 40. Kd3 Ke7 41. Bg3
Kf7 42. Rh6 Be7 43. Rh8 Rg8 44. Rh7+ Rg7 45. Rh8 Rg8 46. Rh7+ Rg7 47. Rh8 1/2-1/2

[Event "chess.com Speed 2019"]
[Site "chess.com INT"]
[Date "2019.09.03"]
[Round "1.24"]
[White "Shankland, Sam"]
[Black "Ding, Liren"]
[Result "0-1"]
[WhiteTitle "GM"]
[BlackTitle "GM"]
[WhiteElo "2705"]
[BlackElo "2811"]
[WhiteFideId "2004887"]
[BlackFideId "8603677"]
[EventDate "2019.09.02"]

1. e4 e5 2. Nf3 Nc6 3. Bb5 a6 4. Ba4 Nf6 5. O-O Be7 6. Re1 b5 7. Bb3 O-O 8. d3
d6 9. a3 Na5 10. Ba2 c5 11. Nc3 Be6 12. Nd5 Nxd5 13. exd5 Bg4 14. b4 Nb7 15. h3
Bh5 16. Be3 Qc7 17. c4 f5 18. bxc5 Nxc5 19. Rc1 e4 20. dxe4 fxe4 21. cxb5 Kh8
22. Bxc5 dxc5 23. Qe2 Bg5 24. Qxe4 Bxf3 25. gxf3 Bxc1 26. Rxc1 axb5 27. Bb1 g6
28. Qe3 Rac8 29. Be4 Qd6 30. Qb3 c4 31. Qxb5 c3 32. Qb3 Qe5 33. a4 Qg5+ 0-1